000 01318nam0a2200325 4500
001 RU\NLR\BIBL_A\010728680
005 20260406102206.0
010 _a978-5-17-087647-1
_95000
021 _aRU
_b2015-14679
_9893
035 _a(NILC)RuMoRGB-007883157
035 _a(NLR Aleph) 010728680
090 _a9854928
_c9854928
100 _a20150414d2014 |||y0rusy50 ca
101 0 _arus
102 _aRU
105 _aa|||z|||000yy
200 1 _aОрганы пищеварения
_fСергей Сергеевич Коновалов
210 _aМосква
_cПрайм
_cАСТ
_d2014
215 _a287 с.
_cил.
_d20
225 1 _aИнформационно-энергетическое Учение
_eначальный курс
333 _a12+
606 1 _aПищеварительная система
_jПопулярные издания
_xБолезни
_xТерапия нетрадиционная
_92275071
_3RU\NLR\AUTH\661363437
610 0 _aтерапия органов пищеварения
686 1 _aР413-5я9
700 1 _8rus
_7ca
_aКоновалов
_bС. С.
_cд-р мед. наук
_f1954-
_gСергей Сергеевич
_3RU\NLR\AUTH\7783232
_966160
801 0 _aRU
_bРГБ
_c20150310
_gRCR
942 _cBOOK
980 _aNB